| 000 | 01243naa a22003857a 4500 | ||
|---|---|---|---|
| 001 | BR7907470 | ||
| 003 | BR-BrBNA | ||
| 005 | 20240918174511.0 | ||
| 007 | ta | ||
| 008 | 230509b bl.||||| |||| 00| 0 por d | ||
| 040 |
_aBR-BrBNA _bpor _cBiblioteca Nacional de Agricultura |
||
| 041 | _a(Pt) | ||
| 072 |
_aL50 _b5120 |
||
| 090 | _aL50 BR7907470 | ||
| 100 | 1 | _aManzano, A. | |
| 100 | 1 | _aHaddad, C.M. | |
| 111 | 1 |
_aSimposio Sobre Equideocultura _cCampinas, SP (Brazil) _d7 Nov 1978 |
|
| 245 | 1 | _aNutricao mineral e vitaminica [equino, exigencia nutricional, deficiencia mineral] | |
| 260 | 3 |
_aPiracicaba, SP (Brasil): _c1979. |
|
| 500 | _aAnais do Simposio sobre Equideocultura Piracicaba, SP (Brasil): 1979. p. 74-99 (BR7907470-AM)L50 | ||
| 650 | _aCAVALO | ||
| 650 | _aRACAO | ||
| 650 | _aMACROELEMENTO | ||
| 650 | _aMICROELEMENTO | ||
| 650 | _aABSORCAO | ||
| 650 | _aDIGESTIBILIDADE | ||
| 650 | _aDEFICIENCIA MINERAL | ||
| 650 | _aSUPLEMENTO MINERAL | ||
| 650 | _aVITAMINA | ||
| 650 | _aSUPLEMENTO VITAMINICO | ||
| 650 | _aMETABOLISMO | ||
| 773 | 0 |
_tAnais do Simposio sobre Equideocultura _wL50 BR7907470 _gPiracicaba, SP (Brasil), 1979. p. 74-99 |
|
| 909 |
_a202404 _bLucia _c55 _dLucia Elande |
||
| 942 |
_cAM _2AGRIS |
||
| 999 |
_c311621 _d311621 |
||